MARC

LEADER 00000nam0a2200000 4500
001 275150
005 20231101234809.0
020 |a RU  |b 85-90963 
035 |a (RuTPU)RU\TPU\book\298382 
090 |a 275150 
100 |a 20141112d1985 k y0rusy5003 ca 
101 0 |a rus 
102 |a RU 
105 |a a z 000zy 
200 1 |a Техническая диагностика промышленного оборудования  |e сборник научных трудов  |f Научно-исследовательский и конструкторский институт испытательных машин, приборов и средств измерения масс (НИКИМП) ; под ред. В. В. Клюева 
210 |a Москва  |c Изд-во НИКИМП  |d 1985 
215 |a 98 с.  |c ил. 
606 1 |a Промышленное оборудование  |2 stltpush  |3 (RuTPU)RU\TPU\subj\52260  |9 70739 
610 1 |a техническая диагностика 
610 1 |a электромагнитные методы 
610 1 |a радиационные методы 
610 1 |a радиоволны 
610 1 |a акустические методы 
610 1 |a виброметрия 
675 |a 658.562.012  |z rus  |v 3 
702 1 |a Клюев  |b В. В.  |4 340 
712 0 2 |a Научно-исследовательский и конструкторский институт испытательных машин, приборов и средств измерения масс (НИКИМП)  |c (Москва)  |c (1959- )  |2 stltpush  |3 (RuTPU)RU\TPU\col\19390 
801 0 |a RU  |b RuMRKP  |c 19950704  |g psbo 
801 1 |a RU  |b 63413507  |c 20141112 
801 2 |a RU  |b 63413507  |c 20170125  |g RCR 
942 |c BK